000 00342nam a22001097a 4500
100 _aGuider
_979384
245 _aमैकेनिेकल इंजीनियरिंग
260 _aदिल्‍ली
_bGuider Competitive Group
_c2020
650 _aइंजीनियरिंग
_979387
700 _aGuider
_979384
942 _cHIN
999 _c62979
_d62979